| 000 | 00770nam a2200205Ia 4500 | ||
|---|---|---|---|
| 003 | GCL | ||
| 008 | 140319s9999 xx 000 0 ara d | ||
| 040 |
_aGCL / _cGCL |
||
| 082 | 0 | 4 |
_a923.156531 _bص ت |
| 100 | 1 | _aالصفدى ,صلاح الدين ابوالصفا خل | |
| 245 | 1 | 0 |
_aتحفة ذوى الالباب فيمن حكم بدمشق من الخلفاء والملوك والنواب / _cالصفدى ,صلاح الدين ابوالصفا خل |
| 700 | 1 | _aزهير حميدان الصمصام (تحقيق) | |
| 260 |
_a[S.N] : _bوزارة الثقافة ، _c1991 |
||
| 300 | _a405 | ||
| 490 |
_aاحياء التراث العربى _v0 |
||
| 650 | 0 | 4 | _aدمشق |
| 650 | 0 | 4 | _aالملوك والحكام |
| 650 | 0 | 4 | _aالخلفاء |
| 942 |
_2ddc _cBK |
||
| 999 |
_c31488 _d31488 |
||